| 000 | 00752pam a2200253 a 4500 | ||
|---|---|---|---|
| 999 |
_c520 _d520 |
||
| 001 | 1721 | ||
| 003 | BD-DhUAP | ||
| 005 | 20200123104831.0 | ||
| 008 | 200123s1991 maua b 001 0 eng | ||
| 020 | _a0205128092 | ||
| 040 |
_aDLC _cDLC _dBD-DhUAP |
||
| 050 | 0 | 0 |
_aBF637.C6 _bP45 1991 |
| 082 | 0 | 0 |
_a158.3 PET _223 |
| 100 | 1 | _aPeterson, J. Vincent. | |
| 245 | 1 | 0 |
_aOrientation to counseling / _cJ. Vincent Peterson and Bernard Nisenholz. |
| 250 | _a2nd ed. | ||
| 260 |
_aBoston : _bAllyn and Bacon, _cc1991. |
||
| 300 |
_axiii, 433 pages : _billustrations ; _c25 cm. |
||
| 504 | _aIncludes bibliographical references (p. 404-424) and indexes. | ||
| 650 | 0 | _aCounseling. | |
| 650 | 0 | _aCounselors. | |
| 700 | 1 | _aNisenholz, Bernard. | |
| 942 |
_2ddc _cBK |
||